[Event "Che CUB vs Kerala Blitz"]
[Site "Thiruvananthapuram"]
[Date "2023.11.18"]
[Round "1.3"]
[White "Goutham Krishna, H."]
[Black "Perez Garcia, Rodney Oscar"]
[Result "0-1"]
[WhiteElo "2288"]
[BlackElo "2311"]
[PlyCount "247"]
[EventDate "2023.11.18"]
[EventType "schev (blitz)"]
[EventRounds "8"]
[EventCountry "IND"]
[SourceTitle "CB47_2023"]
[SourceDate "2023.11.22"]
[SourceVersion "1"]
[SourceVersionDate "2023.11.22"]
[SourceQuality "1"]
[WhiteTeam "Kerala"]
[BlackTeam "Cuba"]
[WhiteTeamCountry "IND"]
[BlackTeamCountry "CUB"]

1. c4 c6 2. Nf3 d5 3. d4 Nf6 4. Nbd2 Bf5 5. Nh4 Bc8 6. Nhf3 Bf5 7. Nh4 Bc8 8. e3 e6 9. Bd3 Nbd7 10. Nhf3 Bd6 11. b3 0-0 12. Bb2 Qe7 13. cxd5 exd5 14. Qc2 a5 15. a3 Re8 16. h3 Ne4 17. 0-0 Nxd2 18. Nxd2 Nf6 19. Nf3 Ne4 20. Nd2 Nxd2 21. Qxd2 Qg5 22. Kh1 Bf5 23. Rae1 Re6 24. Re2 Bxd3 25. Qxd3 Rae8 26. Bc1 Qh5 27. f3 Qh4 28. Bd2 Qg3 29. f4 Bxa3 30. Be1 Qg6 31. f5 Qf6 32. Bh4 Qxh4 33. fxe6 Rxe6 34. Ref2 f6 35. Rf4 Qg3 36. R4f3 Qc7 37. Qf5 Qe7 38. Qg4 Bd6 39. Re1 g6 40. Qh4 Kg7 41. Qf2 f5 42. Rf1 Qg5 43. Rg1 Re4 44. Rf1 Qe7 45. Qe1 h5 46. Qxa5 Bc7 47. Qa8 Qd6 48. Kg1 Qh2+ 49. Kf2 Re7 50. Qc8 Qd6 51. Kg1 Qe6 52. Qa8 Bd6 53. Qa2 Bb4 54. Qc2 Bd6 55. Qd3 Kh7 56. Re1 Bc7 57. Kf2 Qd6 58. Rh1 Re4 59. Ra1 h4 60. Ra7 Qe7 61. Kf1 Bd6 62. Qe2 Qg7 63. Qd3 Re7 64. Ra8 Qh6 65. Kf2 Qg5 66. Ra1 Bg3+ 67. Kf1 Bd6 68. Re1 Re4 69. Re2 Qe7 70. Rb2 Ba3 71. Ra2 Bb4 72. Ra1 Qg7 73. Kg1 Be7 74. Ra7 Bg5 75. Kf2 Qe7 76. Ra2 Kh6 77. Re2 Qe6 78. Kf1 Bf6 79. Qd2 Kh7 80. Qe1 Qd6 81. Qa5 Qh2 82. Re1 Re7 83. Kf2 Rf7 84. Qa8 Bg5 85. Qe8 Qc7 86. Qa8 Be7 87. Kg1 Bd6 88. Ra1 Qe7 89. Qa2 Qg5 90. Qf2 Re7 91. Ra8 Bg3 92. Qd2 Re4 93. Ra7 Qe7 94. Ra1 Bd6 95. Kf2 Qf7 96. Kf1 Be7 97. b4 Bg5 98. Rb1 Qe7 99. Rb3 b5 100. Qc3 Qe6 101. Qd3 f4 102. exf4 Bxf4 103. Rb1 Bg3 104. Qd2 Qe7 105. Kg1 Be1 106. Qc2 Re2 107. Rf7+ Qxf7 108. Qxe2 Bg3 109. Rf1 Qg7 110. Qg4 Kh6 111. Kh1 Qe7 112. Qf3 Qxb4 113. Qf6 Qc3 114. Qh8+ Kg5 115. Qd8+ Kh6 116. Qh8+ Kg5 117. Qf6+ Kh6 118. Qf7 Qxd4 119. Qf8+ Qg7 120. Qc5 Qe5 121. Qxc6 d4 122. Qd7 Qe2 123. Qf7 d3 124. Qf6 0-1

[Event "Che CUB vs Kerala Blitz"]
[Site "Thiruvananthapuram"]
[Date "2023.11.18"]
[Round "5.3"]
[White "Perez Garcia, Rodney Oscar"]
[Black "Goutham Krishna, H."]
[Result "0-1"]
[WhiteElo "2311"]
[BlackElo "2288"]
[PlyCount "68"]
[EventDate "2023.11.18"]
[EventType "schev (blitz)"]
[EventRounds "8"]
[EventCountry "IND"]
[SourceTitle "CB47_2023"]
[SourceDate "2023.11.22"]
[SourceVersion "1"]
[SourceVersionDate "2023.11.22"]
[SourceQuality "1"]
[WhiteTeam "Cuba"]
[BlackTeam "Kerala"]
[WhiteTeamCountry "CUB"]
[BlackTeamCountry "IND"]

1. c4 Nf6 2. Nc3 g6 3. g3 Bg7 4. Bg2 d6 5. Nf3 0-0 6. 0-0 e5 7. d3 Nc6 8. Rb1 a5 9. a3 Re8 10. Bg5 h6 11. Bxf6 Bxf6 12. b4 axb4 13. axb4 Bg7 14. b5 Ne7 15. Qb3 Be6 16. Nd2 c6 17. bxc6 bxc6 18. Qb6 Qd7 19. Qb7 Red8 20. Qxd7 Rxd7 21. Rfc1 f5 22. Rb6 Rc7 23. Nb5 Rcc8 24. Nxd6 Rd8 25. Nb7 Rdb8 26. Rcb1 Ra2 27. Nb3 f4 28. Bf3 g5 29. N3c5 Bh3 30. Bg2 Bc8 31. Nd6 Rxb6 32. Rxb6 Ra1+ 33. Bf1 Bh3 34. Rb8+ Kh7 0-1

[Event "Ojinaga Perla del Desierto op"]
[Site "Ojinaga"]
[Date "2023.10.28"]
[Round "5"]
[White "Sierra Arballo, Jesus"]
[Black "Perez Garcia, Rodney Oscar"]
[Result "1/2-1/2"]
[WhiteElo "1787"]
[BlackElo "2322"]
[PlyCount "106"]
[EventDate "2023.10.26"]
[EventType "swiss"]
[EventRounds "7"]
[EventCountry "MEX"]
[SourceTitle "Mega2024 Update 01"]
[Source "Chessbase"]
[SourceDate "2023.11.12"]
[SourceVersion "1"]
[SourceVersionDate "2023.11.12"]
[SourceQuality "1"]

1. c4 c6 2. e4 d5 3. exd5 cxd5 4. d4 Nf6 5. Nc3 e6 6. Nf3 Be7 7. cxd5 Nxd5 8. Bd3 Nc6 9. a3 0-0 10. 0-0 Nf6 11. Re1 b6 12. b4 Bb7 13. Bc2 Rc8 14. Qd3 g6 15. Bh6 Re8 16. Rad1 Nd5 17. Nxd5 Qxd5 18. Qe3 Na5 19. Bd3 Nc4 20. Qf4 Nd6 21. Bf1 Qf5 22. Qe5 Qxe5 23. dxe5 Nf5 24. Bf4 Bxf3 25. gxf3 a5 26. bxa5 bxa5 27. a4 Red8 28. Bb5 Nd4 29. Kf1 Nxf3 30. Rxd8+ Rxd8 31. Rc1 g5 32. Rc7 gxf4 33. Rxe7 Nxe5 34. Ra7 f3 35. Ke1 Kg7 36. Rxa5 Kf6 37. Ra7 Kf5 38. Rc7 Rg8 39. a5 Rg1+ 40. Kd2 Rb1 41. Bd3+ Nxd3 42. Kxd3 Ra1 43. Rxf7+ Ke5 44. Rxh7 Ra3+ 45. Kd2 Kd4 46. Rh4+ Kd5 47. Rb4 Rxa5 48. Rb3 Ke4 49. Rb4+ Kf5 50. Rb3 Kf4 51. Rb4+ Kf5 52. Rb3 Kg4 53. h3+ Kxh3 1/2-1/2

[Event "Belgrade Gligoric 100 Ann op"]
[Site "Belgrade"]
[Date "2023.02.05"]
[Round "9"]
[White "Damjanovic, Vuk"]
[Black "Perez Garcia, Rodney Oscar"]
[Result "1-0"]
[WhiteElo "2361"]
[BlackElo "2323"]
[PlyCount "81"]
[EventDate "2023.02.05"]
[EventType "swiss (blitz)"]
[EventRounds "11"]
[EventCountry "SRB"]
[SourceTitle "EXT 2024"]
[Source "ChessBase"]
[SourceDate "2023.10.10"]
[SourceVersion "1"]
[SourceVersionDate "2023.10.10"]
[SourceQuality "1"]

1. d4 d5 2. Nc3 e6 3. Bf4 Bd6 4. e3 Bxf4 5. exf4 Qd6 6. g3 Nf6 7. Nf3 0-0 8. Bd3 c5 9. Nb5 Qb6 10. dxc5 Qxc5 11. 0-0 Nc6 12. c3 b6 13. Nbd4 Bb7 14. Qe2 Rac8 15. Rfe1 h6 16. Rac1 Nxd4 17. Nxd4 Rfe8 18. Bc2 Rc7 19. a3 a6 20. Bd3 b5 21. Qe5 Nd7 22. Qh5 Nf6 23. Qh4 Ne4 24. Rc2 Rec8 25. f3 Nd6 26. Kg2 a5 27. g4 b4 28. axb4 axb4 29. g5 bxc3 30. bxc3 Nc4 31. gxh6 g6 32. h7+ Kh8 33. Kg1 Qe7 34. Qh6 Qf6 35. Kg2 Qg7 36. Qxg7+ Kxg7 37. h4 Rh8 38. h5 Rxh7 39. hxg6 Bc8 40. gxh7 Kh8 41. Bxc4 1-0

[Event "Belgrade Gligoric 100 Ann op"]
[Site "Belgrade"]
[Date "2023.02.05"]
[Round "8"]
[White "Perez Garcia, Rodney Oscar"]
[Black "Damljanovic, Branko"]
[Result "0-1"]
[WhiteElo "2323"]
[BlackElo "2420"]
[PlyCount "42"]
[EventDate "2023.02.05"]
[EventType "swiss (blitz)"]
[EventRounds "11"]
[EventCountry "SRB"]
[SourceTitle "EXT 2024"]
[Source "ChessBase"]
[SourceDate "2023.10.10"]
[SourceVersion "1"]
[SourceVersionDate "2023.10.10"]
[SourceQuality "1"]

1. e4 c5 2. Nf3 d6 3. d4 cxd4 4. Nxd4 Nf6 5. Nc3 a6 6. Be2 g6 7. 0-0 Bg7 8. Be3 0-0 9. Qd2 Re8 10. Rfd1 b5 11. f3 Bb7 12. Nb3 Nbd7 13. a4 b4 14. Na2 a5 15. Bb5 d5 16. Nc5 Nxc5 17. Bxc5 dxe4 18. Bxe8 Qxe8 19. f4 Qc6 20. Bxe7 e3 21. Qe2 Nd5 0-1

[Event "Belgrade Gligoric 100 Ann op"]
[Site "Belgrade"]
[Date "2023.02.05"]
[Round "7"]
[White "Perez Garcia, Rodney Oscar"]
[Black "Milanovic, Danilo"]
[Result "1-0"]
[WhiteElo "2323"]
[BlackElo "2396"]
[PlyCount "122"]
[EventDate "2023.02.05"]
[EventType "swiss (blitz)"]
[EventRounds "11"]
[EventCountry "SRB"]
[SourceTitle "EXT 2024"]
[Source "ChessBase"]
[SourceDate "2023.10.10"]
[SourceVersion "1"]
[SourceVersionDate "2023.10.10"]
[SourceQuality "1"]

1. e4 d5 2. exd5 Qxd5 3. Nf3 Bg4 4. Be2 Nc6 5. d4 0-0-0 6. c4 Qf5 7. Be3 Bxf3 8. Bxf3 Nxd4 9. Bg4 Nc2+ 10. Qxc2 Qxg4 11. 0-0 Nf6 12. Nd2 e6 13. Qa4 a6 14. b4 e5 15. b5 Qe6 16. Rab1 Ng4 17. Nb3 f5 18. Nc5 Bxc5 19. Bxc5 e4 20. bxa6 Qxa6 21. Qb3 Rd3 22. Qb2 Rg8 23. h3 Nf6 24. Bd4 Qc6 25. Rfd1 Rd8 26. Rxd3 exd3 27. Be3 Ne4 28. Qa3 b6 29. Qa6+ Kd7 30. Rd1 Ke8 31. Qa3 Qxc4 32. Rc1 Qf7 33. Qa7 Rc8 34. Qa6 Qd7 35. Qc4 Nf6 36. Rd1 Rd8 37. Bg5 c5 38. Re1+ Kf8 39. Bxf6 gxf6 40. Qf4 d2 41. Rd1 Kf7 42. Qh6 Ke6 43. Qe3+ Kf7 44. Qh6 Kg8 45. Qxf6 c4 46. Qg5+ Kf7 47. Qh6 c3 48. Qxh7+ Kf6 49. Qh6+ Ke5 50. Qe3+ Kf6 51. Qh6+ Kf7 52. Qh7+ Ke6 53. Qh4 c2 54. Qc4+ Qd5 55. Qxc2 Kf6 56. Qb2+ Kg5 57. Qxb6 Qd3 58. Qe3+ Qxe3 59. fxe3 Kf6 60. Kf2 Ke5 61. Ke2 Kd5 1-0

[Event "Medellin Raza Cup"]
[Site "Medellin"]
[Date "2022.10.23"]
[Round "9"]
[White "Garcia Pantoja, Roberto"]
[Black "Perez Garcia, Rodney Oscar"]
[Result "1-0"]
[WhiteElo "2525"]
[BlackElo "2318"]
[PlyCount "53"]
[EventDate "2022.10.19"]
[EventType "swiss"]
[EventRounds "10"]
[EventCountry "COL"]
[SourceTitle "EXT 2024"]
[Source "ChessBase"]
[SourceDate "2023.10.10"]
[SourceVersion "1"]
[SourceVersionDate "2023.10.10"]
[SourceQuality "1"]

1. e4 g6 2. d4 Bg7 3. c4 d6 4. Nc3 e5 5. d5 Ne7 6. h4 h6 7. h5 g5 8. g4 a5 9. f3 Na6 10. Be3 Nc5 11. Nge2 Bd7 12. Ng3 c6 13. Be2 Qb8 14. 0-0 0-0 15. Qd2 cxd5 16. cxd5 b5 17. Rfc1 Qb7 18. Nd1 Rfc8 19. Bf2 Rc7 20. Ne3 Rac8 21. Qxa5 b4 22. Nc4 Na4 23. b3 Ra8 24. Nxd6 Rxc1+ 25. Rxc1 Qb8 26. Be3 Qb7 27. Nc4 1-0

[Event "Medellin Raza Cup"]
[Site "Medellin"]
[Date "2022.10.21"]
[Round "6"]
[White "Cardoso Cardoso, Jose Gabriel"]
[Black "Perez Garcia, Rodney Oscar"]
[Result "1/2-1/2"]
[WhiteElo "2484"]
[BlackElo "2318"]
[PlyCount "41"]
[EventDate "2022.10.19"]
[EventType "swiss"]
[EventRounds "10"]
[EventCountry "COL"]
[SourceTitle "EXT 2024"]
[Source "ChessBase"]
[SourceDate "2023.10.10"]
[SourceVersion "1"]
[SourceVersionDate "2023.10.10"]
[SourceQuality "1"]

1. e4 e6 2. d4 d5 3. Nc3 dxe4 4. Nxe4 Nd7 5. Nf3 Be7 6. Bd3 Ngf6 7. 0-0 0-0 8. c4 b6 9. b3 Bb7 10. Qe2 c5 11. Bb2 Qc7 12. Rad1 Rad8 13. Rfe1 cxd4 14. Nxd4 a6 15. Ng3 Bb4 16. Rf1 Bd6 17. Bb1 Rfe8 18. Rfe1 Bb4 19. Rf1 Bd6 20. Rfe1 Bb4 21. Ne4 1/2-1/2

[Event "Maia op 6th"]
[Site "Maia"]
[Date "2022.08.30"]
[Round "6"]
[White "Christiansen, Johan Sebastian"]
[Black "Perez Garcia, Rodney Oscar"]
[Result "1-0"]
[WhiteElo "2607"]
[BlackElo "2315"]
[PlyCount "131"]
[EventDate "2022.08.26"]
[EventType "swiss"]
[EventRounds "9"]
[EventCountry "POR"]
[SourceTitle "CBM 210 Extra"]
[Source "ChessBase"]
[SourceDate "2022.11.30"]
[SourceVersion "1"]
[SourceVersionDate "2022.11.30"]
[SourceQuality "1"]

1. e4 e5 2. Nf3 Nf6 3. Nxe5 d6 4. Nf3 Nxe4 5. Bd3 Nf6 6. 0-0 Be7 7. Re1 0-0 8. Bf1 b6 9. d4 Bb7 10. c4 d5 11. Nc3 Nc6 12. a3 Re8 13. Bg5 Ne4 14. Nxe4 dxe4 15. Rxe4 Bxg5 16. Rxe8+ Qxe8 17. Nxg5 Rd8 18. d5 h6 19. Nh3 Qe5 20. Qd2 Nd4 21. Re1 Qf6 22. Nf4 c6 23. Re4 Nf5 24. Qe2 cxd5 25. cxd5 g6 26. Re8+ Rxe8 27. Qxe8+ Kg7 28. Qd7 Qe7 29. Qxe7 Nxe7 30. d6 Nc6 31. Nd5 Nd8 32. Nc7 Kf6 33. f4 g5 34. fxg5+ hxg5 35. g3 Ke5 36. h4 gxh4 37. gxh4 Kf4 38. h5 Kg5 39. Be2 Bc6 40. Na6 f5 41. Nc7 Nf7 42. Ne6+ Kh6 43. Nd4 Bd7 44. Kf2 Nxd6 45. Kg3 Kg5 46. Nf3+ Kf6 47. Kf4 Nf7 48. Bc4 Nh6 49. Nd4 Be8 50. Be2 a5 51. Nc2 Bf7 52. Ne3 Be6 53. Bc4 a4 54. Bb5 Bf7 55. Bxa4 Bxh5 56. Nd5+ Ke6 57. Nxb6 Be2 58. Bb3+ Kd6 59. Kg5 Ng4 60. Kxf5 Kc6 61. Nd5 Nf2 62. Kf4 Nd3+ 63. Ke3 Bf1 64. Bc4 Nxb2 65. Nb4+ Kc5 66. Bxf1 1-0

[Event "Mirandela op 3rd"]
[Site "Mirandela"]
[Date "2022.08.23"]
[Round "9"]
[White "Gemy Vargas, Jose Daniel"]
[Black "Perez Garcia, Rodney Oscar"]
[Result "1/2-1/2"]
[WhiteElo "2367"]
[BlackElo "2315"]
[PlyCount "79"]
[EventDate "2022.08.17"]
[EventType "swiss"]
[EventRounds "9"]
[EventCountry "POR"]
[SourceTitle "CBM 209 Extra"]
[Source "ChessBase"]
[SourceDate "2022.09.30"]
[SourceVersion "1"]
[SourceVersionDate "2022.09.30"]
[SourceQuality "1"]

1. e4 d5 2. exd5 Qd7 3. d6 Qxd6 4. Nc3 Qd8 5. d4 Nf6 6. Bc4 g6 7. Bf4 Bg7 8. Qd2 a6 9. a4 0-0 10. Nf3 Nc6 11. d5 Nb4 12. 0-0 Bf5 13. Bb3 c6 14. d6 Nbd5 15. dxe7 Qxe7 16. Rfe1 Qc5 17. Nxd5 Nxd5 18. Be5 Rad8 19. Bxg7 Kxg7 20. Qd4+ Qxd4 21. Nxd4 Kf6 22. Nxf5 Kxf5 23. Rad1 Kf6 24. a5 Nc7 25. f4 Ne6 26. Bxe6 fxe6 27. Kf2 Ke7 28. Rxd8 Rxd8 29. Re3 Rd2+ 30. Kf3 Rxc2 31. Rb3 h5 32. Rxb7+ Kf6 33. Rb6 c5 34. h3 h4 35. Rxa6 Rxb2 36. Rc6 Rc2 37. Rc7 c4 38. a6 Ra2 39. a7 c3 40. Rxc3 1/2-1/2

[Event "Mirandela op 3rd"]
[Site "Mirandela"]
[Date "2022.08.21"]
[Round "7"]
[White "Perez Garcia, Rodney Oscar"]
[Black "Martinez Reyes, Pedro Ramon"]
[Result "1/2-1/2"]
[WhiteElo "2315"]
[BlackElo "2408"]
[PlyCount "61"]
[EventDate "2022.08.17"]
[EventType "swiss"]
[EventRounds "9"]
[EventCountry "POR"]
[SourceTitle "CBM 209 Extra"]
[Source "ChessBase"]
[SourceDate "2022.09.30"]
[SourceVersion "1"]
[SourceVersionDate "2022.09.30"]
[SourceQuality "1"]

1. e4 d5 2. exd5 Qxd5 3. Nc3 Qd8 4. d4 Nf6 5. Bc4 g6 6. Nf3 Bg7 7. 0-0 0-0 8. h3 Nc6 9. Re1 b6 10. Bf4 Bb7 11. Qd2 e6 12. Rad1 Ne7 13. Ng5 Ned5 14. Be5 Bh6 15. h4 Nd7 16. Bxd5 Bxd5 17. Nxd5 exd5 18. Bf4 Bg7 19. Nf3 c6 20. Bd6 Re8 21. Rxe8+ Qxe8 22. Re1 Qd8 23. Be7 Qc7 24. Bg5 Nf6 25. Bxf6 Bxf6 26. h5 Bg7 27. hxg6 hxg6 28. Qg5 Kf8 29. g3 Re8 30. Rxe8+ Kxe8 31. c3 1/2-1/2

[Event "Iberoamerican-ch 8th"]
[Site "Mexico City"]
[Date "2022.02.16"]
[Round "6"]
[White "Ramirez Toledo, Ayleen Maribel"]
[Black "Perez Garcia, Rodney Oscar"]
[Result "0-1"]
[WhiteElo "1810"]
[BlackElo "2331"]
[PlyCount "86"]
[EventDate "2022.02.12"]
[EventType "swiss"]
[EventRounds "9"]
[EventCountry "MEX"]
[SourceTitle "CBM 206 Extra"]
[Source "ChessBase"]
[SourceDate "2022.03.31"]
[SourceVersion "1"]
[SourceVersionDate "2022.03.31"]
[SourceQuality "1"]

1. Nf3 c5 2. g3 Nc6 3. c4 g6 4. Bg2 Bg7 5. 0-0 d6 6. Nc3 e5 7. d3 Nge7 8. e4 a6 9. Be3 Rb8 10. a4 0-0 11. Qd2 Nd4 12. Rae1 Bd7 13. Nh4 b5 14. axb5 axb5 15. f4 exf4 16. gxf4 Nec6 17. Nf3 bxc4 18. dxc4 Be6 19. Rf2 Bxc4 20. f5 Re8 21. Bg5 Bf6 22. Be3 Nxf3+ 23. Rxf3 Ne5 24. Rh3 Ng4 25. Kh1 Nxe3 26. Qxe3 Bg7 27. Qf2 Rb4 28. Nd1 Qf6 29. Nc3 Reb8 30. Nd1 Rb3 31. Rxb3 Bxb3 32. e5 dxe5 33. Qxc5 Qxf5 34. Qc7 Qc8 35. Qe7 Qd8 36. Qxd8+ Rxd8 37. Ne3 f5 38. Nf1 e4 39. Bh3 Rb8 40. Ne3 Bxb2 41. Kg2 Bd4 42. Kg3 Be6 43. Nc2 Be5+ 0-1

[Event "Mexico City Fenamac-A 2nd"]
[Site "Mexico City"]
[Date "2020.03.16"]
[Round "8"]
[White "Perez Garcia, Rodney Oscar"]
[Black "Corrales Jimenez, Zenia"]
[Result "1/2-1/2"]
[WhiteElo "2332"]
[BlackElo "2194"]
[PlyCount "26"]
[EventDate "2020.03.12"]
[EventType "tourn"]
[EventRounds "9"]
[EventCountry "MEX"]
[EventCategory "3"]
[SourceTitle "CBM 195 Extra"]
[Source "ChessBase"]
[SourceDate "2020.05.31"]
[SourceVersion "1"]
[SourceVersionDate "2020.05.31"]
[SourceQuality "1"]

1. e4 c5 2. Nf3 d6 3. d4 cxd4 4. Nxd4 Nf6 5. Nc3 g6 6. Be3 Bg7 7. Be2 Nc6 8. 0-0 0-0 9. Qd2 Ng4 10. Bxg4 Bxg4 11. Nd5 Nxd4 12. Bxd4 Bxd4 13. Qxd4 Be6 1/2-1/2

[Event "Mexico City Fenamac-A 2nd"]
[Site "Mexico City"]
[Date "2020.03.13"]
[Round "2"]
[White "Frey Beckman, Kenneth"]
[Black "Perez Garcia, Rodney Oscar"]
[Result "1/2-1/2"]
[WhiteElo "2294"]
[BlackElo "2332"]
[PlyCount "22"]
[EventDate "2020.03.12"]
[EventType "tourn"]
[EventRounds "9"]
[EventCountry "MEX"]
[EventCategory "3"]
[SourceTitle "CBM 195 Extra"]
[Source "ChessBase"]
[SourceDate "2020.05.31"]
[SourceVersion "1"]
[SourceVersionDate "2020.05.31"]
[SourceQuality "1"]

1. d4 d5 2. Nf3 Nf6 3. c4 c6 4. Nc3 dxc4 5. a4 e6 6. e3 c5 7. Bxc4 Nc6 8. 0-0 cxd4 9. exd4 Be7 10. Re1 0-0 11. Bg5 Bd7 1/2-1/2

[Event "Medellin Flores op 25th"]
[Site "Medellin"]
[Date "2018.08.07"]
[Round "8"]
[White "Perez Garcia, Rodney Oscar"]
[Black "Gallego, Julian Andres"]
[Result "1/2-1/2"]
[WhiteElo "2358"]
[BlackElo "2215"]
[PlyCount "45"]
[EventDate "2018.08.03"]
[EventType "swiss"]
[EventRounds "9"]
[EventCountry "COL"]
[SourceTitle "CBM 185 Extra"]
[Source "ChessBase"]
[SourceDate "2018.07.29"]
[SourceVersion "1"]
[SourceVersionDate "2018.07.29"]
[SourceQuality "1"]

1. e4 c5 2. Nf3 Nc6 3. Bb5 d6 4. d4 cxd4 5. Qxd4 Bd7 6. Bxc6 Bxc6 7. Nc3 e5 8. Qd3 h6 9. Nd2 Nf6 10. Nc4 Qc7 11. 0-0 Nxe4 12. Nxe4 d5 13. Nxe5 Qxe5 14. Nd2 0-0-0 15. Nf3 Qe4 16. Qd4 Bd6 17. Re1 Rhe8 18. Bd2 Qg6 19. Qd3 Qxd3 20. cxd3 Bb5 21. Be3 b6 22. Red1 Kb7 23. Nd4 1/2-1/2